[Event "Barbera del Valles op 34th"]
[Site "Barbera del Valles"]
[Date "2011.07.09"]
[Round "6"]
[White "Ljubarov, Mark"]
[Black "Bufi Pujadas, Antoni"]
[Result "1-0"]
[WhiteElo "2115"]
[BlackElo "1902"]
[PlyCount "75"]
[EventDate "2011.07.04"]
[EventType "swiss"]
[EventRounds "9"]
[EventCountry "ESP"]
[SourceTitle "CBM 143 Extra"]
[Source "ChessBase"]
[SourceDate "2011.08.29"]
[SourceVersion "1"]
[SourceVersionDate "2011.08.29"]
[SourceQuality "1"]

1. e4 e5 2. Nf3 Nc6 3. Bc4 Bc5 4. c3 Qe7 5. 0-0 d6 6. h3 Nf6 7. d4 Bb6 8. a4 a6 9. Re1 0-0 10. Bg5 h6 11. Bh4 Kh7 12. Nbd2 Rg8 13. Bd5 g5 14. Bg3 g4 15. Nh4 gxh3 16. Nc4 Ba7 17. Qd3 Nh5 18. Kh2 Nf4 19. Bxf4 Qxh4 20. g3 Qh5 21. Bd2 Ne7 22. Ne3 c6 23. Bb3 Rg7 24. Bd1 Qg6 25. Bc2 f6 26. Rg1 Bd7 27. g4 Rag8 28. Nf5 Nxf5 29. exf5 Qf7 30. Qxh3 Rh8 31. g5 Rxg5 32. Bxg5 fxg5 33. Rxg5 e4 34. Bxe4 d5 35. Bc2 Bb8+ 36. Kh1 Qf6 37. Rg6 Qf8 38. f6 1-0

[Event "Barbera del Valles op 34th"]
[Site "Barbera del Valles"]
[Date "2011.07.05"]
[Round "2"]
[White "Bufi Pujadas, Antoni"]
[Black "Navarrete Espi, Samuel"]
[Result "1/2-1/2"]
[WhiteElo "1902"]
[BlackElo "2169"]
[PlyCount "77"]
[EventDate "2011.07.04"]
[EventType "swiss"]
[EventRounds "9"]
[EventCountry "ESP"]
[SourceTitle "CBM 143 Extra"]
[Source "ChessBase"]
[SourceDate "2011.08.29"]
[SourceVersion "1"]
[SourceVersionDate "2011.08.29"]
[SourceQuality "1"]

1. e4 e5 2. Nf3 Nc6 3. d4 exd4 4. Bc4 Bc5 5. c3 Nf6 6. cxd4 Bb4+ 7. Bd2 Bxd2+ 8. Nbxd2 d5 9. exd5 Nxd5 10. 0-0 0-0 11. Re1 Nf4 12. Ne4 Bg4 13. h3 Bh5 14. Ng3 Bxf3 15. Qxf3 Qxd4 16. Re4 Qxb2 17. Rae1 Ng6 18. Qh5 Rad8 19. R4e3 Nd4 20. Ne4 Nf4 21. Qh4 Nfe6 22. Nf6+ gxf6 23. Rg3+ Ng7 24. Qg4 Ndf5 25. Qxf5 Kh8 26. Qg4 f5 27. Qg5 f4 28. Rb3 Qd2 29. Rbb1 Rd6 30. Red1 Qc2 31. Bb3 Rxd1+ 32. Rxd1 Qe4 33. Bd5 Qc2 34. Bf3 Qxa2 35. Bxb7 f6 36. Qxf4 Ne6 37. Qh6 Qb3 38. Rd7 Qb1+ 39. Kh2 1/2-1/2

[Event "Benidorm op U2000 05th"]
[Site "Benidorm"]
[Date "2006.12.07"]
[Round "7"]
[White "Bufi Pujadas, Antoni"]
[Black "Iturbide Arnedo, Oscar"]
[Result "0-1"]
[WhiteElo "1905"]
[BlackElo "1991"]
[PlyCount "64"]
[EventDate "2006.12.01"]
[EventType "swiss"]
[EventRounds "9"]
[EventCountry "ESP"]
[SourceTitle "CBM 115 Extra"]
[Source "ChessBase"]
[SourceDate "2007.01.10"]
[SourceVersion "1"]
[SourceVersionDate "2007.01.10"]
[SourceQuality "1"]

1. e4 d5 2. exd5 Qxd5 3. Nc3 Qa5 4. d4 e5 5. dxe5 Nc6 6. Bb5 Bb4 7. Bxc6+ bxc6 8. Nge2 Ba6 9. Bd2 0-0-0 10. 0-0 Bxc3 11. bxc3 Qd5 12. Nd4 c5 13. Qg4+ Qd7 14. e6 fxe6 15. Nxe6 Nf6 16. Qh3 Bxf1 17. Rxf1 Qxd2 18. Nxg7+ Qd7 19. Nf5 Rhe8 20. Qf3 Qd5 21. Qh3 Qe6 22. Qf3 Qe4 23. Qh3 Qg4 24. Qxg4 Nxg4 25. h3 Nf6 26. c4 Re2 27. Ne3 Rdd2 28. a4 Ne4 29. Nd1 Ng3 30. Nc3 Nxf1 31. Nxe2 Rxe2 32. Kxf1 Rxc2 0-1